| 000 | 00918cab a22002295a 4500 | ||
|---|---|---|---|
| 001 | L159970 | ||
| 008 | 150113e2016 xxk 000 0 eng d | ||
| 035 | _a(Sirsi) u159970 | ||
| 041 | 0 | _aeng | |
| 050 | _a690.241 $2 18 | ||
| 100 | 1 | _aEdwards, John | |
| 245 | 0 | 0 |
_aBack to basics _h[electronic resource] |
| 260 |
_aLondon _bRICS _c2016 |
||
| 490 |
_aRICS Building Surveying Journal _vDecember 2016 - January 2017, 28-29(2) |
||
| 520 | _aUnderstanding how any traditional building was designed to work rather than just reaching for the retrofit is essential if we want to ensure or improve its energy efficiency. | ||
| 650 | 2 | 4 | _aENERGY EFFICIENCY |
| 650 | 2 | 4 | _aRETROFITTING |
| 650 | 2 | 4 | _aBS 7913: 2013 |
| 690 | _aConservation and restoration | ||
| 856 | 4 | 0 |
_uhttps://www.rics.org/Global/Building_Surveying_Journal_December_2016_January_2017.pdf _zView the article free of charge at www.rics.org... |
| 942 | _n0 | ||
| 999 |
_c85091 _d85091 |
||